000 00604cam a2200145 4500500
005 20260208001103.0
041 _afre
042 _adc
100 1 0 _aDubois, Michel
_eauthor
245 0 0 _a L’Expertise en pratique : les risques liés à la vache folle et aux rayonnements ionisants, Jacqueline Estades, Élisabeth Rémy, L’Harmattan, 2003, 250 p.
260 _c2005.
500 _a6
786 0 _nNatures Sciences Sociétés | 13 | 4 | 2005-12-01 | p. 464c-465c | 1240-1307
856 4 1 _uhttps://stm.cairn.info/revue-natures-sciences-societes-2005-4-page-464c?lang=fr&redirect-ssocas=7080
999 _c1644336
_d1644336